Daňové a účtovné aspekty zdanenia právnických osôb v Slovenskej republike

Salvato in:
Dettagli Bibliografici
Autore principale: Kušnírová, Jana, 1977-
Altri autori: Ščerba, Kamil, Roková, Elena, Androvičová, Annamária
Natura: Libro
Lingua:slovacco
Pubblicazione: Bratislava Wolters Kluwer SR 2024
Edizione:1. vydanie
Soggetti:
Tags: Aggiungi Tag
Nessun Tag, puoi essere il primo ad aggiungerne!!

MARC

LEADER 00000nam a2200000 4500
001 0304413
005 20241002131230.5
020 |a 978-80-571-0700-2 
020 |a 978-80-571-0701-9 
041 0 |a slo 
044 |a SK 
245 1 0 |a Daňové a účtovné aspekty zdanenia právnických osôb v Slovenskej republike  |c Jana Kušnírová, Kamil Ščerba ; recenzovali: Elena Roková, Annamária Androvičová 
250 |a 1. vydanie 
264 1 |a Bratislava  |b Wolters Kluwer SR  |c 2024 
300 |a 242 s. [14,8 AH] 
610 2 0 |a účtovníctvo daňové 
610 2 0 |a zdaňovanie 
610 2 0 |a osoby právnické 
610 2 0 |a dane z príjmov 
610 2 0 |a systémy daňové 
610 2 0 |a formy podnikov 
610 2 0 |a závierka účtovná 
610 2 0 |a legislatíva 
610 2 0 |a náklady 
610 2 0 |a optimalizácia daňová 
610 2 0 |a základ dane 
610 2 0 |a Slovensko 
100 1 |a Kušnírová, Jana, 1977- 
700 1 |a Ščerba, Kamil 
700 1 |a Roková, Elena 
700 1 |a Androvičová, Annamária